000 00691nam a2200265Ia 4500
005 20260121170238.0
008 008 260114s9999 xx 000 0 eng d
020 _a9781137547514
037 _aEBOOK
040 _aCRL
040 _beng
040 _cCRL
041 _2eng
041 _aeng
084 _qCRL
100 _aClaudia Sternberg, Kira Gartzou-Katsouyanni, Kalypso Nicolaidis
_91061565
245 4 _aThe Greco-German Affair in the Euro Crisis
260 _bSpringer
260 _bSpringer
260 _c2018
856 _uhttps://link.springer.com/openurl?genre=book&isbn=978-1-137-54751-4
942 _cEBOOK
999 _c1627294
_d1627294